• 首页
  • 本馆介绍
  • 公告通知
  • 最新文献
  • 馆藏检索
  • 电子资源
  • 读者导购
  • 参考咨询
  • 我的图书馆
  • 登录
  • 详细信息显示
  • 放入我的书架
  • 预约/预借图书
  • 作者相关作品
  • 分类相关作品
  • 丛书相关作品
  • 出版社相关作品

书目信息

  • 表格格式
  • 工作单格式
  • 卡片格式
题名:
天朝的崩溃
    
 
作者: 茅海建 著
分册:  
出版信息: 北京   生活·读书·新知三联书店  2017.04
页数: 588页
开本: 23cm
丛书名:
单 册:
中图分类: K253.07
科图分类:
主题词: 鸦片战争(1840-1842)--研究
电子资源:
ISBN: 978-7-108-05896-6
000 00967nam0 2200265 450
001 2060278485
005 20240909111021.98
010    @a978-7-108-05896-6@b精装@dCNY72.00
100    @a20181129e20192017em y0chiy50 ea
101 0  @achi
102    @aCN@b110000
105    @ay z 000yy
200 1  @a天朝的崩溃@9tian chao de beng kui@e鸦片战争再研究@f茅海建著
205    @a修订版
210    @a北京@c生活·读书·新知三联书店@d2017.04@h2019.04
215    @a588页@d23cm
300    @a当代学术第一辑
330    @a本书共分为8章,包括清朝的军事力量;骤然而至的战争;“剿”“抚”“剿”的回旋;广州的“战局”;东南壁垒的倾塌;“抚”议再起;平等与不平等;历史的所说等内容。
500 10 @a天朝的崩溃@9tian chao de beng kui
517 1  @a鸦片战争再研究@9ya pian zhan zheng zai yan jiu
606 0  @a鸦片战争(1840-1842)@x研究
690    @aK253.07@v5
701  0 @a茅海建@9mao hai jian@f(1954~)@4著
801  0 @aCN@bBJSZM@c20201207
905    @b1270407-11@dK253.07@e14=2@f5
    
    天朝的崩溃:鸦片战争再研究/茅海建著.-修订版.-北京:生活·读书·新知三联书店,2017.04(2019.04)
    588页;23cm
    当代学术第一辑
    
    ISBN 978-7-108-05896-6(精装):CNY72.00
    本书共分为8章,包括清朝的军事力量;骤然而至的战争;“剿”“抚”“剿”的回旋;广州的“战局”;东南壁垒的倾塌;“抚”议再起;平等与不平等;历史的所说等内容。
●
相关链接 在E读中查询图书 在五车中查询图书 在当当中查询图书 在豆瓣中查询图书


正题名:天朝的崩溃     索取号:K253.07/14=2         预约/预借

序号 登录号 条形码 馆藏地/架位号 状态 备注
1 1053517   210535170   第二借阅区/ [索取号:K253.07/14=2] 已借出,限还日期为2034.09.11
借出人:宋晓敏  
 
2 1270407   212704073   第二样本阅览室/ [索取号:K253.07/14=2] 在馆    
3 1270408   212704082   教育系资料室/ [索取号:K253.07/14=2] 在馆    
4 1270409   212704091   教育系资料室/ [索取号:K253.07/14=2] 在馆    
5 1270410   212704108   第二借阅区/ [索取号:K253.07/14=2] 在馆    
6 1270411   212704117   第二借阅区/ [索取号:K253.07/14=2] 在馆    
唐山师范学院图书馆 欢迎您!
大连网信软件有限公司© 版权所有